IMDB-yə əsasən 100 ən yaxşı Azərbaycan filmi - Statistics

General Stats
  • This quiz has been taken 8 times
  • The average score is 26 of 100
Answer Stats
# İl Rejissor Film % Correct
39 1965 Tofiq Tağızadə Arşın mal alan
75%
59 1945 Rza Təhmasib, Nikolay Leşşenko Arşın mal alan
75%
21 1977 Rasim Ocaqov Ad günü
50%
37 1977 Arif Babayev Arxadan vurulan zərbə
50%
31 1979 Eldar Quliyev Babək
50%
14 1985 Ceyhun Mirzəyev, Vaqif Mustafayev Bəyin oğurlanması
50%
8 1969 Həsən Seyidbəyli Bizim Cəbiş müəllim
50%
18 2007 Ramiz Həsənoğlu Cavid ömrü
50%
58 1975 Tofiq Tağızadə Dədə Qorqud
50%
19 1969 Hüseyn Seyidzadə Dəli Kür
50%
30 1963 Adil İsgəndərov Əhməd haradadır?
50%
1 1993 Ceyhun Mirzəyev Fəryad
50%
56 1955 Tofiq Tağızadə Görüş
50%
15 2018 Emil Quliyev İkinci pərdə
50%
90 1960 Hüseyn Seyidzadə Koroğlu
50%
36 2003 Ramiz Fətəliyev Məhəllə
50%
72 2017 İlqar Nəcəf Nar bağı
50%
10 1973 Həsən Seyidbəyli Nəsimi
50%
24 1958 Həbib İsmayılov Ögey ana
50%
2 1989 Rasim Ocaqov Ölsəm...bağışla
50%
54 1959 Rza Təhmasib Onu bağışlamaq olarmı?
50%
7 1956 Hüseyn Seyidzadə O olmasın, bu olsun
50%
23 2016 Emil Quliyev Pərdə
50%
11 1985 Əbdül Mahmudov, Həsənağa Turabov Qanlı zəmi
50%
13 1978 Hüseyn Seyidzadə Qayınana
50%
95 2017 Rüfət Şahbazov Qız qaçırtma
50%
67 1964 Əlisəttar Atakişiyev Sehrli xalat
50%
12 1969 Şamil Mahmudbəyov Şərikli çörək
50%
33 2021 Məlahət Əhməd Soyuq günəş
50%
6 1993 Rasim Ocaqov Təhminə
50%
74 1964 Ağarza Quliyev Ulduz
50%
45 1958 Tofiq Tağızadə Uzaq sahillərdə
50%
16 1970 Tofiq Tağızadə Yeddi oğul istərəm...
50%
20 2001 Fikrət Əliyev Yuxu
50%
44 2021 Taleh Yüzbəyov, Orxan Mərdan Zəhər tuluğu
50%
97 2017 Cabir İmanov Ağanatiq
25%
52 2011 Rövşən İsax Aktrisa
25%
55 1975 Arif Babayev Alma almaya bənzər
25%
53 1983 Rasim İsmayılov Asif, Vasif, Ağasif
25%
5 1971 Kamil Rüstəmbəyov Axırıncı aşırım
25%
100 2015 Kənan MM Ay brilliant
25%
49 1982 Tofiq Tağızadə Babamızın babasının babası
25%
46 1955 Lətif Səfərov Bəxtiyar
25%
17 1991 Ramiz Əzizbəyli Bəxt üzüyü
25%
68 1969 Eldar Quliyev Bir cənub şəhərində
25%
61 1959 Əlisəttar Atakişiyev Bir qalanın sirri
25%
48 1962 Həbib İsmayılov Böyük dayaq
25%
93 2011 İlqar Nəcəf Buta
25%
60 1976 Kamil Rüstəmbəyov, Şamil Mahmudbəyov Dərviş Parisi partladır
25%
57 2017 Elmar Bayramov Don Marleone
25%
42 2003 Ələkbər Muradov Güllələnmə təxirə salınır!
25%
4 1971 Arif Babayev Gün keçdi
25%
43 1979 Rasim Ocaqov İstintaq
25%
65 1987 Cahangir Mehdiyev Kişi sözü
25%
26 1994 Tofiq Tağızadə Köpək
25%
69 2004 Sülü Çöl-Qalalı Məhəllə 2 Moskvada
25%
84 2015 İlham Qasımov Oğlan evi
25%
38 1983 Rasim Ocaqov Park
25%
80 1975 Rasim Ocaqov Qatır Məmməd
25%
3 1986 Anar Qəm pəncərəsi
25%
79 1978 Əlisəttar Atakişiyev Qərib cinlər diyarında
25%
82 2016 Mirbala Səlimli Qırmızı bağ
25%
70 1981 Yuli Qusman Qorxma, mən səninləyəm
25%
83 1962 Həsən Seyidbəyli Telefonçu qız
25%
35 1968 Arif Babayev Uşaqlığın son gecəsi
25%
22 2015 Elxan Cəfərov Yarımçıq xatirələr
25%
25 1981 Teymur Bəkirzadə Yol əhvalatı
25%
47 2009 Elçin Musaoğlu 40-cı qapı
0%
86 2024 Hikmət Rəhimov Apatiya
0%
34 2014 Asif Rüstəmov Axınla aşağı
0%
66 2022 Hilal Baydarov Balıqlara xütbə
0%
88 2012 Şamil Əliyev Çölçü
0%
87 2020 Rüfət Həsənov Daxildəki ada
0%
9 2012 Elxan Cəfərov Dolu
0%
29 1983 Cahangir Mehdiyev Evlənmək istəyirəm
0%
81 1990 Əbdül Mahmudov Gecə qatarında qətl
0%
40 1995 Rasim Ocaqov Həm ziyarət, həm ticarət...
0%
92 2016 İlqar Safat İçəri şəhər
0%
75 1966 Əlisəttar Atakişiyev İstintaq davam edir
0%
96 2017 Cəfər Axundzadə, Vüqar İslamzadə Kəklikotu
0%
28 2010 Çingiz Rəsulzadə Kuklalar
0%
51 2004 Vaqif Mustafayev Milli bomba
0%
77 2015 İmam Həsənov Müqəddəs inək
0%
76 2014 Elçin Musaoğlu Nabat
0%
64 1982 Eldar Quliyev Nizami
0%
94 2016 İlham Qasımov Oğlan evi 2
0%
41 1998 Rasim Ocaqov Otel otağı
0%
63 1987 Rasim Ocaqov Özgə ömür
0%
71 1996 Hüseyn Mehdiyev Özgə vaxt
0%
73 2015 Vahid Mustafayev Qanlı Yanvar
0%
32 1968 Muxtar Dadaşov Qanun naminə
0%
89 2010 İlqar Safat Sahə
0%
85 2019 Emil Quliyev Sonuncu pərdə
0%
98 2017 Emil Abdullayev Stalinin başı
0%
27 1975 Rasim Ocaqov Tütək səsi
0%
62 2012 Vahid Mustafayev Xoca
0%
99 2014 Samir Kərimoğlu Xoxan
0%
91 2019 Hilal Baydarov Xurmalar yetişən vaxt
0%
78 1988 Vaqif Mustafayev Yaramaz
0%
50 1995 Ayaz Salayev Yarasa
0%
No matching quizzes found
Score Distribution
Percent of People with Each Score
Percentile by Number Answered
Your Score History
You have not taken this quiz